[Event "Ste Foy CC-ch"]
[Site "Ste Foy"]
[Date "2019.05.11"]
[Round "1"]
[White "Laflamme, Simon"]
[Black "Nafii, Adil"]
[Result "1-0"]
[WhiteElo "1980"]
[BlackElo "1613"]
[PlyCount "65"]
[EventDate "2019.05.11"]
[EventType "tourn"]
[EventRounds "5"]
[EventCountry "CAN"]
[SourceTitle "EXT 2022"]
[Source "ChessBase"]
[SourceDate "2021.10.06"]
[SourceVersion "1"]
[SourceVersionDate "2021.10.06"]
[SourceQuality "1"]

1. d4 d5 2. c4 e6 3. Nc3 Nf6 4. cxd5 exd5 5. Bg5 Be7 6. e3 c6 7. Bd3 a6 8. Qc2 h6 9. Bh4 Nbd7 10. f3 c5 11. Nge2 b5 12. 0-0 0-0 13. Rae1 Re8 14. Bf2 Nf8 15. Ng3 Bd7 16. dxc5 Bxc5 17. Nxd5 Rc8 18. Nxf6+ Qxf6 19. Qd2 Qe7 20. Qe2 Be6 21. a3 Rcd8 22. Ne4 Ba7 23. Rc1 Ng6 24. Bg3 f5 25. Nd2 Qd7 26. Rc3 f4 27. Bxg6 Qxd2 28. Qxd2 fxe3 29. Qe2 Rd2 30. Qxd2 exd2+ 31. Bf2 Bc4 32. Rxc4 bxc4 33. Bxe8 1-0

[Event "Ste Foy Morphy"]
[Site "Ste Foy"]
[Date "2019.03.02"]
[Round "3"]
[White "Nafii, Adil"]
[Black "Laflamme, Simon"]
[Result "0-1"]
[WhiteElo "1612"]
[BlackElo "1973"]
[PlyCount "76"]
[EventDate "2019.02.16"]
[EventType "swiss"]
[EventRounds "5"]
[EventCountry "CAN"]
[SourceTitle "EXT 2022"]
[Source "ChessBase"]
[SourceDate "2021.10.06"]
[SourceVersion "1"]
[SourceVersionDate "2021.10.06"]
[SourceQuality "1"]

1. d4 Nf6 2. c4 e6 3. Nc3 Bb4 4. Bd2 d5 5. e3 0-0 6. cxd5 exd5 7. Bd3 Bg4 8. Nge2 c6 9. Rc1 Nbd7 10. 0-0 Re8 11. h3 Bh5 12. Qc2 Bg6 13. Bxg6 hxg6 14. a3 Bd6 15. b4 Nb6 16. Na4 Nc4 17. Ra1 Ne4 18. Be1 Bc7 19. Nc5 Qd6 20. g3 Ng5 21. Nf4 Nf3+ 22. Kh1 g5 23. Ng2 Qh6 24. Qf5 Nxe1 25. Rfxe1 g6 26. Qd7 Rac8 27. Nxb7 f5 28. Qxc6 Qxh3+ 29. Kg1 Kg7 30. Qxd5 Nb6 31. Qf3 Rh8 32. Kf1 g4 33. Qd1 Qh1+ 34. Ke2 Qxg2 35. Nc5 Bxg3 36. Kd3 Bxf2 37. Rf1 Rh3 38. Ne6+ Kf6 0-1

[Event "Ste Foy Fischer"]
[Site "Ste Foy"]
[Date "2018.10.27"]
[Round "3"]
[White "Oliver, Vance"]
[Black "Laflamme, Simon"]
[Result "0-1"]
[WhiteElo "1579"]
[BlackElo "1935"]
[PlyCount "60"]
[EventDate "2018.10.13"]
[EventType "swiss"]
[EventRounds "5"]
[EventCountry "CAN"]
[SourceTitle "EXT 2022"]
[Source "ChessBase"]
[SourceDate "2021.10.06"]
[SourceVersion "1"]
[SourceVersionDate "2021.10.06"]
[SourceQuality "1"]

1. Nf3 Nf6 2. g3 c5 3. Bg2 Nc6 4. d3 e5 5. e4 d5 6. Nbd2 Be7 7. 0-0 0-0 8. Re1 dxe4 9. dxe4 Bg4 10. c3 Qc7 11. Qc2 Rfd8 12. Nf1 h6 13. Ne3 Be6 14. Nh4 c4 15. Nef5 Bc5 16. Be3 Bxe3 17. Nxe3 Rd7 18. Rad1 Rad8 19. Nhf5 Qa5 20. Rxd7 Rxd7 21. Qc1 Qxa2 22. Nd5 Nxd5 23. exd5 Bxd5 24. Qd2 Be6 25. Nxh6+ gxh6 26. Qxh6 Qxb2 27. Be4 f6 28. Qxf6 Rf7 29. Qxe6 Qxf2+ 30. Kh1 Qxe1+ 0-1

[Event "Ste Foy Fischer"]
[Site "Ste Foy"]
[Date "2018.10.20"]
[Round "2"]
[White "Laflamme, Simon"]
[Black "Darveau, Michel"]
[Result "1-0"]
[WhiteElo "1935"]
[BlackElo "1390"]
[PlyCount "39"]
[EventDate "2018.10.13"]
[EventType "swiss"]
[EventRounds "5"]
[EventCountry "CAN"]
[SourceTitle "EXT 2022"]
[Source "ChessBase"]
[SourceDate "2021.10.06"]
[SourceVersion "1"]
[SourceVersionDate "2021.10.06"]
[SourceQuality "1"]

1. d4 d5 2. c4 c6 3. Nc3 Bf5 4. cxd5 cxd5 5. Qb3 Nc6 6. Nf3 e6 7. Bf4 Bb4 8. e3 a6 9. Be2 Nf6 10. 0-0 Bxc3 11. bxc3 h6 12. Qxb7 Na5 13. Qb4 Rb8 14. Bxb8 Nc6 15. Qa4 Qd7 16. Bg3 Ne4 17. Qa3 a5 18. Bb5 Nxg3 19. fxg3 Qc7 20. Ne5 1-0

[Event "Ste Foy Euwe"]
[Site "Ste Foy"]
[Date "2018.02.10"]
[Round "5"]
[White "Bernatchez, Dan"]
[Black "Laflamme, Simon"]
[Result "0-1"]
[WhiteElo "1921"]
[BlackElo "1938"]
[PlyCount "48"]
[EventDate "2018.01.13"]
[EventType "swiss"]
[EventRounds "5"]
[EventCountry "CAN"]
[SourceTitle "EXT 2022"]
[Source "ChessBase"]
[SourceDate "2021.10.06"]
[SourceVersion "1"]
[SourceVersionDate "2021.10.06"]
[SourceQuality "1"]

1. d4 d5 2. Nf3 Nf6 3. g3 c6 4. Bg2 Bf5 5. c4 e6 6. 0-0 h6 7. b3 Nbd7 8. Bb2 Be7 9. Nc3 0-0 10. Nd2 a5 11. f3 e5 12. dxe5 Nxe5 13. cxd5 Nxd5 14. Nxd5 Qxd5 15. Bxe5 Qxe5 16. e4 Be6 17. Qe2 Rfd8 18. Kh1 Qb2 19. Rfd1 Bb4 20. Rab1 Qxa2 21. Ra1 Qb2 22. Rab1 Qc3 23. Nf1 Bxb3 24. Rdc1 Qd3 0-1

[Event "Ste Foy Botwinnik"]
[Site "Ste Foy"]
[Date "2017.10.07"]
[Round "5"]
[White "Lessard, Claude"]
[Black "Laflamme, Simon"]
[Result "1-0"]
[WhiteElo "2124"]
[BlackElo "1805"]
[PlyCount "69"]
[EventDate "2017.09.09"]
[EventType "swiss"]
[EventRounds "5"]
[EventCountry "CAN"]
[SourceTitle "EXT 2022"]
[Source "ChessBase"]
[SourceDate "2021.10.06"]
[SourceVersion "1"]
[SourceVersionDate "2021.10.06"]
[SourceQuality "1"]

1. Nf3 d5 2. c4 c6 3. d4 Nf6 4. Nc3 dxc4 5. e3 b5 6. Ne5 e6 7. Qf3 Qb6 8. a4 Bb7 9. Be2 Bb4 10. 0-0 0-0 11. Qg3 Bxc3 12. bxc3 Ne4 13. Qh3 Nxc3 14. Bh5 c5 15. axb5 g6 16. Bb2 Ne4 17. dxc5 Qxc5 18. Bxg6 hxg6 19. Nxg6 fxg6 20. Qh8+ Kf7 21. Qg7+ Ke8 22. Qxb7 Qd5 23. Qc8+ Kf7 24. Qc7+ Nd7 25. Rfd1 Nd2 26. Bc3 Rfc8 27. Qf4+ Qf5 28. Qxf5+ exf5 29. Rxd2 Nc5 30. f3 Ke6 31. Rd4 Nb3 32. Ra6+ Kf7 33. Rd7+ Ke8 34. Rh7 Nc5 35. Rxg6 1-0

[Event "Ste Foy CC-ch"]
[Site "Ste Foy"]
[Date "2017.05.27"]
[Round "3"]
[White "Desbiens, Raphael"]
[Black "Laflamme, Simon"]
[Result "1-0"]
[WhiteElo "1812"]
[BlackElo "1823"]
[PlyCount "47"]
[EventDate "2017.05.13"]
[EventType "tourn"]
[EventRounds "5"]
[EventCountry "CAN"]
[SourceTitle "EXT 2022"]
[Source "ChessBase"]
[SourceDate "2021.10.06"]
[SourceVersion "1"]
[SourceVersionDate "2021.10.06"]
[SourceQuality "1"]

1. e4 e5 2. Nf3 Nc6 3. Bb5 a6 4. Ba4 Nf6 5. 0-0 b5 6. Bb3 Be7 7. d4 Nxe4 8. Nxe5 Nxe5 9. dxe5 Bb7 10. Qg4 0-0 11. Nd2 Nxd2 12. Bxd2 Kh8 13. Rad1 f5 14. Qh5 Qe8 15. Qxe8 Raxe8 16. Ba5 c5 17. Bd5 Bc8 18. c4 Bd8 19. Bxd8 Rxd8 20. Bf3 Rfe8 21. cxb5 Rxe5 22. b6 d5 23. Rfe1 Rde8 24. Rxe5 1-0

[Event "Ste Foy CC-ch"]
[Site "Ste Foy"]
[Date "2017.05.20"]
[Round "2"]
[White "Laflamme, Simon"]
[Black "Lessard, Claude"]
[Result "0-1"]
[WhiteElo "1823"]
[BlackElo "2122"]
[PlyCount "34"]
[EventDate "2017.05.13"]
[EventType "tourn"]
[EventRounds "5"]
[EventCountry "CAN"]
[SourceTitle "EXT 2022"]
[Source "ChessBase"]
[SourceDate "2021.10.06"]
[SourceVersion "1"]
[SourceVersionDate "2021.10.06"]
[SourceQuality "1"]

1. e4 g6 2. d4 Bg7 3. c3 c5 4. Nf3 Nf6 5. e5 Ne4 6. Bd3 d5 7. Bxe4 dxe4 8. Ng5 Qd5 9. Qb3 Qxb3 10. axb3 cxd4 11. cxd4 Nc6 12. Be3 0-0 13. 0-0 Rd8 14. Rd1 Bxe5 15. Nc3 Bxd4 16. Ngxe4 Bf5 17. Bxd4 Nxd4 0-1

[Event "Ste Foy Euwe"]
[Site "Ste Foy"]
[Date "2017.01.28"]
[Round "3"]
[White "Laflamme, Simon"]
[Black "Lessard, Claude"]
[Result "0-1"]
[WhiteElo "1873"]
[BlackElo "2174"]
[PlyCount "64"]
[EventDate "2017.01.14"]
[EventType "swiss"]
[EventRounds "5"]
[EventCountry "CAN"]
[SourceTitle "EXT 2022"]
[Source "ChessBase"]
[SourceDate "2021.10.06"]
[SourceVersion "1"]
[SourceVersionDate "2021.10.06"]
[SourceQuality "1"]

1. d4 Nf6 2. Bg5 d5 3. Bxf6 exf6 4. e3 Bd6 5. c4 0-0 6. c5 Be7 7. Bd3 f5 8. Qf3 g6 9. Ne2 c6 10. 0-0 b6 11. b4 a5 12. b5 bxc5 13. dxc5 Nd7 14. Nd4 Ne5 15. Qe2 cxb5 16. Bxb5 Bxc5 17. Rd1 Qd6 18. Nc3 Bb7 19. Ba4 Rac8 20. Ndb5 Qf6 21. Bb3 Rfe8 22. Bxd5 Ba6 23. Bb3 Ng4 24. Nd5 Qh4 25. h3 Bxb5 26. Qxb5 Nxf2 27. Rf1 Nxh3+ 28. gxh3 Qg3+ 29. Kh1 Qxh3+ 30. Kg1 Rxe3 31. Nxe3 Qxe3+ 32. Kg2 Qg5+ 0-1